00294nam a2200121Ia 45000030006000000080041000060400015000471000035000622450021000972600025001185460012001430050017001550STCL150530s9999 xx 000 0 und d aSTCLcSTCL aArvind Kumar and Purohit, S.S. aPlant Physiology bAgro Botanicalc1998 aEnglish20220125170336.0